Structure of political competition in Spain (1986-2000) /
Guardat en:
| Autor principal: | |
|---|---|
| Altres autors: | |
| Format: | Text |
| Matèries: | |
| Etiquetes: |
Afegir etiqueta
Sense etiquetes, Sigues el primer a etiquetar aquest registre!
|
MARC
| LEADER | 00000 a a2200000 04500 | ||
|---|---|---|---|
| 001 | 1839 | ||
| 003 | |||
| 040 | |||
| 100 | |a Molas, Isidre | ||
| 245 | |a Structure of political competition in Spain (1986-2000) / |c Isidre Molas ; Oriol Bartomeus | ||
| 650 | |a COMPETENCIA | ||
| 650 | |a PARTIDOS POLITICOS | ||
| 650 | |a ELECCIONES | ||
| 650 | |a VOTACION | ||
| 650 | |a ESPAÑA | ||
| 700 | |a Bartomeus, Oriol | ||
| 773 | |g número 2; páginas 191-219 | ||
| 999 | |c 34562 |d 34562 | ||
